000 02700nam a2200517 a 4500
001 000027280
003 DO-SdBNP
005 20170925104415.0
007 000027280
008 100407s2014 dr ad 000 0 spa d
020 _a9789945888843
040 _aBPMSU
_bspa
_cBPMSU
082 4 _a317.2932
_bP438es
245 0 0 _aPerfiles estadísticos provinciales :
_bregiones Valdesia - Ozama /
_cpresentación Pablo Tactuk.
260 _aSanto Domingo :
_bONE,
_c2014.
300 _a169 p. :
_bil., diagr. ;
_c30 cm.
505 0 _tRegión Valdesia --
_tAzua --
_tPeravia --
_tSan Cristóbal --
_tSan José de Ocoa --
_tRegión Ozama --
_tDistrito Nacional --
_tSanto Domingo.
651 4 _aAZUA, REPÚBLICA DOMINICANA
_xPOBLACIÓN
_xESTADÍSTICAS
651 4 _aAZUA, REPÚBLICA DOMINICANA
_xCONDICIONES ECONÓMICAS
_xESTADÍSTICAS
651 4 _aAZUA, REPÚBLICA DOMINICANA
_xCONDICIONES SOCIALES
_xESTADÍSTICAS
651 4 _aPERAVIA, REPÚBLICA DOMINICANA
_xPOBLACIÓN
_xESTADÍSTICAS
651 4 _aPERAVIA, REPÚBLICA DOMINICANA
_xCONDICIONES ECONÓMICAS
_xESTADÍSTICAS
651 4 _aPERAVIA, REPÚBLICA DOMINICANA
_xCONDICIONES SOCIALES
_xESTADÍSTICAS
651 4 _aSAN CRISTÓBAL, REPÚBLICA DOMINICANA
_xPOBLACIÓN
_xESTADÍSTICAS
651 4 _aSAN CRISTOBAL, REPÚBLICA DOMINICANA
_xCONDICIONES ECONÓMICAS
_xESTADÍSTICAS
651 4 _aSAN CRISTÓBAL, REPÚBLICA DOMINICANA
_xCONDICIONES SOCIALES
_xESTADÍSTICAS
651 4 _aSAN JOSÉ DE OCOA, REPÚBLICA DOMINICANA
_xPOBLACIÓN
_xESTADÍSTICAS
651 4 _aSAN JOSÉ DE OCOA, REPÚBLICA DOMINICANA
_xCONDICIONES ECONÓMICAS
_xESTADÍSTICAS
651 4 _aSAN JOSÉ DE OCOA, REPÚBLICA DOMINICANA
_xCONDICIONES SOCIALES
_xESTADÍSTICAS
651 4 _aDISTRITO NACIONAL, REPÚBLICA DOMINICANA
_xPOBLACIÓN
_xESTADÍSTICAS
651 4 _aDISTRITO NACIONAL, REPÚBLICA DOMINICANA
_xCONDICIONES ECONÓMICAS
_xESTADÍSTICAS
651 4 _aDISTRITO NACIONAL, REPÚBLICA DOMINICANA
_xCONDICIONES SOCIALES
_xESTADÍSTICAS
651 4 _aSANTO DOMINGO, REPÚBLICA DOMINICANA
_xPOBLACIÓN
_xESTADÍSTICAS
651 4 _aSANTO DOMINGO, REPÚBLICA DOMINICANA
_xCONDICIONES ECONÓMICAS
_xESTADÍSTICAS
651 4 _aSANTO DOMINGO, REPÚBLICA DOMINICANA
_xCONDICIONES SOCIALES
_xESTADÍSTICAS
700 1 2 _aTactuk, Pablo
_epres.
710 1 2 _aRepública Dominicana. Oficina Nacional de Estadística
910 _aValidado. Control de calidad MFF
930 1 _lBND01
_mLF1
_820111011
_f01
_pHD
_g18976
942 _2ddc
_cBK
945 _aInventariado, 2017/MFF
956 _aBTAVAREZ
_b10
_c20111011
_lBND01
_h1004
956 _aYLOCKWARD
_b10
_c20150216
_lBND01
_h1526
956 _aMFILETO
_b40
_c20150309
_lBND01
_h1221
956 _aVMATEO
_b10
_c20150826
_lBPMSU
_h00151
999 _c8232
_d8232